Key Topics in Anaesthesia/ (Record no. 4037)
[ view plain ]
| 000 -LEADER | |
|---|---|
| fixed length control field | 00482nam a22001697a 4500 |
| 005 - DATE AND TIME OF LATEST TRANSACTION | |
| control field | 20250221124713.0 |
| 008 - FIXED-LENGTH DATA ELEMENTS--GENERAL INFORMATION | |
| fixed length control field | 250221b |||||||| |||| 00| 0 eng d |
| 020 ## - INTERNATIONAL STANDARD BOOK NUMBER | |
| International Standard Book Number | 8123903111 |
| 050 ## - LIBRARY OF CONGRESS CALL NUMBER | |
| Classification number | RD82.2 |
| Item number | .C73 |
| 100 ## - MAIN ENTRY--PERSONAL NAME | |
| Personal name | Craft, T. M. |
| 245 ## - TITLE STATEMENT | |
| Title | Key Topics in Anaesthesia/ |
| Statement of responsibility, etc. | T. M. Craft & P. M. Upton |
| 260 ## - PUBLICATION, DISTRIBUTION, ETC. | |
| Place of publication, distribution, etc. | Shahdara, Delhi |
| Name of publisher, distributor, etc. | CBS Publishers & Distributors |
| Date of publication, distribution, etc. | 1994 |
| 300 ## - PHYSICAL DESCRIPTION | |
| Extent | xiii. 298p. |
| Dimensions | 21.5cm |
| 500 ## - GENERAL NOTE | |
| General note | includes index |
| 700 ## - ADDED ENTRY--PERSONAL NAME | |
| Personal name | Upton, P. M. |
| 942 ## - ADDED ENTRY ELEMENTS (KOHA) | |
| Source of classification or shelving scheme | Library of Congress Classification |
| Koha item type | Books |
| Suppress in OPAC | No |
| 999 ## - | |
| -- | 4037 |
| -- | 4037 |
| Withdrawn status | Lost status | Source of classification or shelving scheme | Damaged status | Not for loan | Collection | Home library | Current library | Shelving location | Date acquired | Total checkouts | Full call number | Barcode | Date last seen | Copy number | Price effective from | Koha item type |
|---|---|---|---|---|---|---|---|---|---|---|---|---|---|---|---|---|
| Library of Congress Classification | Non-fiction | Science Library (Miotso) | Science Library (Miotso) | General stacks | 02/21/2025 | RD82.2 .C73 CRA | SLM00003490 | 02/21/2025 | 1 | 02/21/2025 | Books | |||||
| Library of Congress Classification | Non-fiction | Science Library (Miotso) | Science Library (Miotso) | General stacks | 02/21/2025 | RD82.2 .C73 CRA | SLM00003491 | 02/21/2025 | 2 | 02/21/2025 | Books |